| 000 | 00621nam a2200169Ia 4500 | ||
|---|---|---|---|
| 003 | GCL | ||
| 008 | 140319s9999 xx 000 0 ara d | ||
| 040 |
_aGCL / _cGCL |
||
| 082 | 0 | 4 |
_aد _b050 _bد هـ |
| 245 | 1 | 0 | _aالهلال مايو 1993 : المرأة المصرية والحملة الفرنسية |
| 260 |
_aالقاهرة : _bدار الهلال للطباعة والنشر ، _c1993 |
||
| 650 | 0 | 4 | _aالمقالات العربية |
| 650 | 0 | 4 | _aالمرأة - مصر |
| 650 | 0 | 4 | _aالاتحاد السوفيتى - العلاقات الخارجية |
| 650 | 0 | 4 | _aالحملة الفرنسية |
| 942 |
_2ddc _cCR |
||
| 999 |
_c6678 _d6678 |
||